| 000 | 00530nam a2200193 a 4500 | ||
|---|---|---|---|
| 001 | 1767860136488 | ||
| 003 | YourLibrary | ||
| 005 | 20260108150648.0 | ||
| 008 | 260108s2005##################000#0#eng## | ||
| 020 | _a9780415381376 | ||
| 082 | 0 | 4 |
_a301.153 _bSME |
| 100 | 1 |
_aSmelser, Neil J., _eauthor. |
|
| 245 | 1 | 0 | _aSocial Change in the Industrial Revolution : |
| 260 |
_bTaylor & Francis US, _c2005. |
||
| 300 | _a464 pages | ||
| 650 | 0 | _aBusiness & Economics. | |
| 942 | _cENGLISH | ||
| 040 |
_aYourLibrary _beng _cYourLibrary |
||
| 999 |
_c607926 _d607926 |
||